Normal view MARC view

Entry Topical Term

Number of records used in: 1

001 - CONTROL NUMBER

  • control field: 266053

003 - CONTROL NUMBER IDENTIFIER

  • control field: OSt

005 - DATE AND TIME OF LATEST TRANSACTION

  • control field: 20260627124052.0

008 - FIXED-LENGTH DATA ELEMENTS

  • fixed length control field: 260627|| aca||aabn | a|a d

040 ## - CATALOGING SOURCE

  • Original cataloging agency: OSt
  • Transcribing agency: OSt

150 ## - HEADING--TOPICAL TERM

  • Topical term or geographic name entry element: Gazetteers

670 ## - SOURCE DATA FOUND

  • Source citation: Work cat.: (OSt)86770: KARNATAKA, GOVERNMENT of. 266051, Gazetteer of India- Karnataka state gazetteer Part I., 1982